Pohlavne prenášané ochorenia v praxi

Bibliographic Details
Main Author: Osuský, Peter, 1953- (Author)
Format: Article
Language:Slovak

MARC

LEADER 00000nab a2200000 a 4500
001 vtls010730098
003 SK-MaSNL
005 20260304193802.0
008 250709s1991 xo |||||||||||||||||slo|
035 |a (urnnbn)urn:nbn:sk:snk:ar-a05623 
035 |a (uuid)7f22d9cf-edd1-4a74-b1d2-aef329c7ab34 
035 |a urn:nbn:sk:snk-ab3sya 
040 |a SNKBUCL  |b slo  |c SNKBUCL  |e AACR2 
041 0 |a slo 
044 |a xo  |c SK 
100 1 |a Osuský, Peter,  |d 1953-  |4 aut  |9 196514 
245 1 0 |a Pohlavne prenášané ochorenia v praxi  |c Peter Osuský 
773 0 |t Slovenský lekár  |g Roč. 1(15), č. 4 (1991), s. 31-34 
850 |a Slovenská národná knižnica 
852 |a Slovenská národná knižnica 
954 |a odborná, vedecká literatúra pôvodná (slovenská)  |2 lita 
958 |a article1 
958 |a OND 
958 |a EUIPO 
999 |c 3069293  |d 3071223